000 00691nam a2200193 i 4500
001 000030426
003 RuMoIPM
005 20260428110235.0
008 111010s1945----ur | c rus
040 _aRuMoIPM
_brus
_ercr
041 0 _arus
080 _a531.8(081)
245 1 _aВып. 2 : Теория механизмов
260 _c1945
300 _a192 с., [1] л. ил., портр.
_bил., черт., портр.
504 _aБиблиогр. в конце ст.
773 1 8 _dМосква | Ленинград: Изд-во АН СССР, 1945
_gВып. 2
_tНаучное наследие П. Л. Чебышева: [Сборник статей]
_w000030424
942 _cBK
999 _c30426
_d30426